El Papa Francisco. El legado del Vaticano II.
Gardado en:
| Autor Principal: | |
|---|---|
| Formato: | Libro |
| Idioma: | Lingua castelá |
| Publicado: |
Bilbao, España:
Desclée de Brouwer,
2017
|
| Edición: | 1a. ed |
| Series: | Biblioteca Manual Desclée,
|
| Subjects: | |
| Tags: |
Engadir etiqueta
Sen Etiquetas, Sexa o primeiro en etiquetar este rexistro!
|
MARC
| LEADER | 00000cam a2200000 a 4500 | ||
|---|---|---|---|
| 001 | UCC2535 | ||
| 003 | CL-VaPUC | ||
| 005 | 20230920110755.0 | ||
| 008 | 180309e20150000sp |||||||||||||||||spa|d | ||
| 999 | |c 370614 |d 370612 | ||
| 020 | |a 978-84-330-2907-2 | ||
| 040 | |c Pontificia Universidad Católica de Valparaíso | ||
| 082 | 0 | 4 | |a 248.5 ECH 2017 |b |2 21 |
| 100 | |a Echeverría, Eduardo J. |e autor |9 596594 | ||
| 245 | 1 | 3 | |a El Papa Francisco. |b El legado del Vaticano II. |
| 250 | |a 1a. ed | ||
| 260 | |a Bilbao, España: |b Desclée de Brouwer, |c 2017 | ||
| 300 | |a 326 páginas. | ||
| 490 | 0 | |a Biblioteca Manual Desclée, |n 79. | |
| 500 | |a c.2 Donación Sr. Jorge Precht Pizarro. 26-05-23. Biblioteca Teología. | ||
| 583 | |a last modification |c 20180309 22:06:00 |k Rodrigo Vera | ||
| 600 | 0 | |9 583180 |a Francisco, Papa |x Pontificado, 2013- |x Concilio Vaticano I y II |v Crítica e interpretación | |
| 650 | 0 | |a Espiritualidad cristiana |9 537993 |x Vida cristiana | |
| 650 | 0 | |a Cristianismo |9 257361 |x Evangelio de Jesús | |
| 942 | |c BK |2 ddc | ||
| 945 | |d 20180309 22:06:00 |a dcastane | ||
| 952 | |0 0 |1 0 |3 erb |4 0 |6 248_500000000000000_ECH_2015 |7 0 |8 A |9 487160 |a BIBTEO |b BIBTEO |i 5453372 |o 248.5 ECH 2015 |p 5453372 |r 2025-01-17 |w 2019-11-24 |y BK |z Catalogado en:20180309 |k ICR | ||
| 952 | |0 0 |1 0 |2 ddc |4 0 |6 248_500000000000000_ECH_2017 |7 0 |8 A |9 591587 |a BIBTEO |b BIBTEO |d 2023-09-15 |e Donación |i 5658654 |o 248.5 ECH 2017 |p 5658654 |r 2025-01-17 |t 2 |w 2023-09-15 |y BK |k ICR | ||